El Teatre independent a Espanya: 1962-1980 : seminari 19-21 d'octubre de 2016 Barcelona / seminari 19-21 d'octubre de 2016 Barcelona /
Descripción Física:
9 pàgines : 21 cm
Idioma:
Catalán
MARC
| LEADER | 00000nam a22000007a 4500 | ||
|---|---|---|---|
| 001 | 25776 | ||
| 008 | 220603b spa||||| |||| 00| 0 cat d | ||
| 017 | |a DL B 20945-2016 | ||
| 080 | |a FU-70-27 | ||
| 245 | |a El Teatre independent a Espanya: 1962-1980 : |b seminari 19-21 d'octubre de 2016 Barcelona / |c Institut del Teatre | ||
| 260 | |a Barcelona : |b Diputació de Barcelona. Institut del Teatre, |c 2016 | ||
| 300 | |a 9 pàgines : |c 21 cm | ||
| 650 | 0 | |9 53207 |a Teatre |z Espanya |x Història |y 1962-1980 | |
| 650 | 0 | |a Congressos i conferències |9 48301 | |
| 710 | 1 | |9 52662 |a Institut del Teatre (Barcelona, Catalunya) | |
| 942 | |2 udc |c ARXIU |n 1 | ||
| 952 | |0 0 |1 0 |4 0 |6 FU7027 |7 1 |9 62169 |a Arxiu |b Arxiu |d 2022-06-03 |l 0 |o FU-70-27 |p 25776 |r 2022-06-03 00:00:00 |w 2022-06-03 |y ARXIU | ||
| 999 | |c 81857 |d 81857 | ||